00325nam a22000977a 4500082001200000100002300012245009800035260004100133650002400174700002900198 aTHE 200 aMAJ FAHIM BARLAS,  aTH-SOF-0628-KINEMATIC ANALYSIS OF ACTIVE FLAPPING AND PITCHING MECHANISM FOR ORNITHOPTERS.PDF aNUST COLLEGE OF EMEbISLAMABADc2018 aMS-MECH-56 MSTHESIS aDR MUHAMMAD.AFZAAL MALIK